书目信息 |
| 题名: |
应用数理统计
|
|
| 作者: | 曹伟丽 , 叶慈南 编 ;上海市教育委员会组 编 | |
| 分册: | ||
| 出版信息: | 北京 机械工业出版社 2004.08 |
|
| 页数: | 359页 | |
| 开本: | 20cm | |
| 丛书名: | ||
| 单 册: | ||
| 中图分类: | O212 | |
| 科图分类: | ||
| 主题词: | 数理统计--shu li tong ji--高等学校--教材 | |
| 电子资源: | ||
| ISBN: | 7-111-14560-7 | |
| 000 | 01011nam0 2200277 450 | |
| 001 | 012007392119 | |
| 005 | 20181217084736.64 | |
| 010 | @a7-111-14560-7@dCNY22.00 | |
| 100 | @a20070611d2004 km y0chiy0120 ea | |
| 101 | 0 | @achi |
| 102 | @aCN@b110000 | |
| 105 | @aa a 000yy | |
| 200 | 1 | @a应用数理统计@Aying yong shu li tong ji@f叶慈南, 曹伟丽编@Fye ci nan,cao wei li bian@g上海市教育委员会组编@Gshang hai shi jiao yu wei yuan hui zu bian |
| 210 | @a北京@c机械工业出版社@d2004.08 | |
| 215 | @a359页@c图@d20cm | |
| 300 | @a上海市教育委员会高校重点教材建设项目 | |
| 320 | @a有书目。 | |
| 330 | @a本书内容有数理统计的基本概念, 参数估计, 假设检验, 方差分析, 回归分析以及正交试验设计。 | |
| 333 | @a普通高等教育基础课规划教材 | |
| 606 | 0 | @a数理统计@Ashu li tong ji@x高等学校@j教材 |
| 690 | @aO212@v4 | |
| 701 | 0 | @a曹伟丽@Acao wei li@4编 |
| 701 | 0 | @a叶慈南@Aye ci nan@4编 |
| 712 | 02 | @a上海市教育委员会组@Ashang hai shi jiao yu wei yuan hui zu@4编 |
| 801 | 0 | @aCN@c20110331 |
| 905 | @dO212@eY420 | |
| 应用数理统计/叶慈南, 曹伟丽编/上海市教育委员会组编.-北京:机械工业出版社,2004.08 |
| 359页:图;20cm |
| 上海市教育委员会高校重点教材建设项目.-使用对象:普通高等教育基础课规划教材 |
| ISBN 7-111-14560-7:CNY22.00 |
| 本书内容有数理统计的基本概念, 参数估计, 假设检验, 方差分析, 回归分析以及正交试验设计。 |
| ● |
| 相关链接 |
|
|
|
正题名:应用数理统计
索取号:O212/Y420
 
预约/预借
| 序号 | 登录号 | 条形码 | 馆藏地/架位号 | 状态 | 备注 |
| 1 | 1304214 | 213042143 | 期刊室512/401自科库 77排1列4层/ [索取号:O212/Y420] | 在馆 | |
| 2 | 243866 | 202438665 | 自科二线504/504自科库 43排6列3层/ [索取号:O212/Y420] | 在馆 | |
| 3 | 243867 | 202438674 | 自科二线504/504自科库 43排6列3层/ [索取号:O212/Y420] | 在馆 | |
| 4 | 464666 | 204646669 | 自科二线504/504自科库 43排6列3层/ [索取号:O212/Y420] | 在馆 | |
| 5 | 464667 | 204646678 | 自科二线504/504自科库 43排1列2层/ [索取号:O212/Y420] | 在馆 | |
| 6 | 464668 | 204646687 | 期刊室512/401自科库 77排1列4层/ [索取号:O212/Y420] | 在馆 | |
| 7 | 464669 | 204646696 | 自科二线504/504自科库 43排6列3层/ [索取号:O212/Y420] | 在馆 | |
| 8 | 464670 | 204646703 | 自科库401/401自科库 77排1列3层/ [索取号:O212/Y420] | 在馆 | |
| 9 | 472722 | 204727224 | 自科库401/401自科库 77排1列3层/ [索取号:O212/Y420] | 在馆 | |
| 10 | 472723 | 204727233 | 期刊室512/401自科库 77排1列4层/ [索取号:O212/Y420] | 在馆 | |
| 11 | 472724 | 204727242 | 自科二线504/504自科库 43排6列3层/ [索取号:O212/Y420] | 在馆 | |
| 12 | 472725 | 204727251 | 期刊室512/401自科库 77排1列4层/ [索取号:O212/Y420] | 在馆 | |
| 13 | 472726 | 204727260 | 自科库401/401自科库 77排1列3层/ [索取号:O212/Y420] | 在馆 | |
| 14 | 474436 | 204744367 | 期刊室512/401自科库 77排1列4层/ [索取号:O212/Y420] | 在馆 | |
| 15 | 474437 | 204744376 | 期刊室512/401自科库 77排1列4层/ [索取号:O212/Y420] | 在馆 | |
| 16 | 474438 | 204744385 | 期刊室512/401自科库 77排1列4层/ [索取号:O212/Y420] | 在馆 | |
| 17 | 474439 | 204744394 | 期刊室512/401自科库 77排1列4层/ [索取号:O212/Y420] | 在馆 | |
| 18 | 474440 | 204744401 | 期刊室512/401自科库 77排1列4层/ [索取号:O212/Y420] | 在馆 | |
| 19 | 486872 | 204868722 | 自科库401/504自科库 21排2列4层/ [索取号:O212/Y420] | 在馆 | |
| 20 | 488278 | 204882788 | 自科二线504/504自科库 20排2列4层/ [索取号:O212/Y420] | 在馆 | |
| 21 | 488279 | 204882797 | 自科二线504/504自科库 20排2列4层/ [索取号:O212/Y420] | 在馆 | |
| 22 | 488931 | 204889317 | 自科二线504/504自科库 20排1列6层/ [索取号:O212/Y420] | 在馆 | |
| 23 | 489695 | 204896951 | 自科二线504/504自科库 22排1列3层/ [索取号:O212/Y420] | 在馆 | |
| 24 | 489696 | 204896960 | 自科二线504/504自科库 22排1列3层/ [索取号:O212/Y420] | 在馆 | |
| 25 | 489697 | 204896979 | 自科二线504/504自科库 22排1列3层/ [索取号:O212/Y420] | 在馆 | |
| 26 | 489698 | 204896988 | 自科二线504/504自科库 22排1列3层/ [索取号:O212/Y420] | 在馆 | |
| 27 | 489699 | 204896997 | 自科二线504/504自科库 22排1列3层/ [索取号:O212/Y420] | 在馆 | |
| 28 | 489700 | 204897004 | 自科二线504/504自科库 22排1列3层/ [索取号:O212/Y420] | 在馆 | |
| 29 | 489701 | 204897013 | 自科二线504/504自科库 22排1列3层/ [索取号:O212/Y420] | 在馆 | |
| 30 | 491626 | 204916261 | 自科二线504/504自科库 43排6列3层/ [索取号:O212/Y420] | 在馆 |